Budovanie regionálnych verejnosúkromných partnerstiev vo výskume: koncept centier kompetencie

Potenciálne oblasti vedeckej excelencie v SR. Sektorová analýza priemyslu. Potenciálne oblasti budovania PPP vo vede a výskume. Koncept budovania verejnosúkromných partnerstiev vo vede - centrá kompetencie. Skúsenosti s fungovaním centier kompetencie v zahraničí. Prehľad vybraných programov centier...

Full description

Saved in:
Bibliographic Details
Main Author: Rehák, Štefan, 1974-
Other Authors: Buček, Milan
Format: Book Chapter
Language:Slovak
Subjects:
Tags: Add Tag
No Tags, Be the first to tag this record!

MARC

LEADER 00000naa$a2200000$$$4500
001 0083621
005 20240502071935.4
041 0 |a slo 
044 |a SK 
245 1 0 |a Budovanie regionálnych verejnosúkromných partnerstiev vo výskume: koncept centier kompetencie  |c Štefan Rehák, Milan Buček 
500 |a Stať nadväzuje na výstupy projekt Esto Fast Track study: Identifying potential Public - private Research Partnerships for Slovakia, objednaný Európskou komisiou, DG Joint Research Centre, Institute for Prospective Technological Studies (IPTS), Seville, Spain. 
520 |a Potenciálne oblasti vedeckej excelencie v SR. Sektorová analýza priemyslu. Potenciálne oblasti budovania PPP vo vede a výskume. Koncept budovania verejnosúkromných partnerstiev vo vede - centrá kompetencie. Skúsenosti s fungovaním centier kompetencie v zahraničí. Prehľad vybraných programov centier kometencie. 
610 2 0 |a stratégia inovačná 
610 2 0 |a výskum 
610 2 0 |a Slovensko 
610 2 0 |a vývoj 
610 2 0 |a centrá inovačné 
610 2 0 |a deľba práce 
610 2 0 |a partnerstvo verejno-súkromné 
100 1 |a Rehák, Štefan, 1974- 
700 1 |a Buček, Milan